| 000 | 00579nam a2200205Ia 4500 | ||
|---|---|---|---|
| 005 | 20221220120605.0 | ||
| 008 | 131103s9999 xx 000 0 und d | ||
| 040 | _aLoreto College | ||
| 041 | _aEnglish | ||
| 082 |
_a813.52 _bHEM-YOU |
||
| 100 | _aYoung,Philip | ||
| 245 |
_aErnest Hemingway _cPhilip Young |
||
| 260 |
_aMinneapolis _bUniversity Of Minnesota _cc 1959 |
||
| 300 | _a44 p. | ||
| 440 | _aPamphlets On American Writers; No.1 | ||
| 504 | _aIncludes bibliographical references | ||
| 650 | _aAmerican Fiction - 20th Century | ||
| 850 | _aLCLIB | ||
| 942 | _cBK | ||
| 999 |
_c11907 _d62386 |
||